Семантичний аналіз англомовних запозичень (наматеріалі французьких журналів "Le Nouvel Observateur" (Запис № 284963)

МАРК-запис
000 -LEADER
fixed length control field 01613nam a22001577a 4500
041 ## - LANGUAGE CODE
Language code of text/sound track or separate title ukr
080 ## - UNIVERSAL DECIMAL CLASSIFICATION NUMBER
Universal Decimal Classification number 09
090 ## - LOCALLY ASSIGNED LC-TYPE CALL NUMBER (OCLC); LOCAL CALL NUMBER (OCLC)
Local cutter number (OCLC) ; Book number/undivided call number, CALL (RLIN) ФЕД
100 ## - MAIN ENTRY--PERSONAL NAME
Personal name Федорончук Т.В.
245 ## - TITLE STATEMENT
Title Семантичний аналіз англомовних запозичень (наматеріалі французьких журналів "Le Nouvel Observateur"
260 ## - PUBLICATION, DISTRIBUTION, ETC. (IMPRINT)
Place of publication, distribution, etc Острог
Name of publisher, distributor, etc КАФ
Date of publication, distribution, etc 2012
300 ## - PHYSICAL DESCRIPTION
Extent 53
520 ## - SUMMARY, ETC.
Summary, etc Розділ 1. Англіцизми- як вид лесичного запозичення.<br/>1.1 Аналіз підходів до трактування поняття "англіцизм".<br/>1.2 Історичні передумови та причини входження англіцизмів у лексико-семантичну систему французької мови.<br/>1.3 Інтернаціональне та національне у процесі запозичення.<br/>Розділ 2. Лексико-семантичний аналіз виявленних у публіцистиці англомовних запозичень.<br/>2.1 Прямі запозичення.<br/>2.1.1 Соціально-політична лексика.<br/>2.1.2 Економічна лексика.<br/>2.1.3 Спортивна термінологія.<br/>2.1.4 Культурна та рекламна.<br/>2.1.5 Компютерні та Інтернет технології.<br/>2.1.6 Загальновживана лексика.<br/>2.2 Калькування<br/>2.3 Англомовні вкраплення.
-- запозичення,англіцизми
650 ## - SUBJECT ADDED ENTRY--TOPICAL TERM
Topical term or geographic name as entry element Research Papers
942 ## - ADDED ENTRY ELEMENTS (KOHA)
Koha item type Книги
Фонди
Withdrawn status Lost status Source of classification or shelving scheme Damaged status Not for loan Home library Current library Date acquired Source of acquisition Cost, normal purchase price Total Checkouts Full call number Barcode Date last seen Price effective from Koha item type
    Universal Decimal Classification     ВІЛ - Відділ іноземн. літератури НБ ВІЛ - Відділ іноземн. літератури НБ 18/09/2012 Акт №5 1.00   09 214997 10/11/2021 18/09/2012 Книги